Fr. Conceicao Rodrigues College of Engineering

Headfirst HTML 5 Programming (Record no. 29581)

MARC details
000 -LEADER
fixed length control field 00348nam a2200169Ia 4500
082 ## - DEWEY DECIMAL CLASSIFICATION NUMBER
Classification number 5.133
Item number FRE
100 ## - MAIN ENTRY--PERSONAL NAME
Personal name Freeman/Eric/ Robson/E
245 ## - TITLE STATEMENT
Title Headfirst HTML 5 Programming
260 ## - PUBLICATION, DISTRIBUTION, ETC.
Name of publisher, distributor, etc. SPD
Date of publication, distribution, etc. 2011
366 ## - TRADE AVAILABILITY INFORMATION
Publishers's discount category 25
300 ## - PHYSICAL DESCRIPTION
Extent 573
546 ## - LANGUAGE NOTE
Language note ENGLISH
-- electronics
650 ## - SUBJECT ADDED ENTRY--TOPICAL TERM
Topical term or geographic name entry element HTML
654 ## - SUBJECT ADDED ENTRY--FACETED TOPICAL TERMS
Focus term HTML
942 ## - ADDED ENTRY ELEMENTS (KOHA)
Koha item type BOOK
Holdings
Withdrawn status Lost status Damaged status Not for loan Collection Home library Current library Date acquired Source of acquisition Cost, normal purchase price Inventory number Total Checkouts Full call number Barcode Date last seen Cost, replacement price Price effective from Koha item type Date last checked out
        CRC Fr. Agnel's C.Rodrigues College of Engineering AGNEL TECHNICAL COLLEGE LIBRARY 17/03/2023 Allied Publishers 431.25 1828 dt 08.01.2014 1 5.133 FRE 23061 08/11/2024 575.00   BOOK 21/10/2024
        CRC Fr. Agnel's C.Rodrigues College of Engineering Fr. Agnel's C.Rodrigues College of Engineering 17/03/2023 Allied Publishers 431.25 1828 dt 08.01.2014   5.133 FRE 23060 17/03/2023 575.00   BOOK